| 000 | 00395nam a2200145 a 4500 | ||
|---|---|---|---|
| 005 | 20140412111414.0 | ||
| 008 | 070705s19uu xx 00 eng d | ||
| 020 | _a971-8910-88-3 | ||
| 050 |
_aER _bSh71 2001 |
||
| 245 | _aThe shoemaker and the elves. | ||
| 260 |
_aPhilippines : _bSterling lines international, _c2001. |
||
| 300 | _a24 | ||
| 440 | _aClassic tales collection | ||
| 999 |
_c105790 _d105790 |
||